The pulpit commentary volume 9: (Record no. 17967)

000 -LEADER
fixed length control field 00519nam a22001697a 4500
003 - CONTROL NUMBER IDENTIFIER
control field OkBaRHE
005 - DATE AND TIME OF LATEST TRANSACTION
control field 20111027150946.0
008 - FIXED-LENGTH DATA ELEMENTS--GENERAL INFORMATION
fixed length control field 111025t xxu||||| |||| 00| 0 eng d
040 ## - CATALOGING SOURCE
Transcribing agency
050 ## - LIBRARY OF CONGRESS CALL NUMBER
Classification number BS 491
Item number .S77 Vol. 9
100 ## - MAIN ENTRY--PERSONAL NAME
Personal name Spence,H. D. M.
9 (RLIN) 1661
245 ## - TITLE STATEMENT
Title The pulpit commentary volume 9:
Remainder of title Proverbs, Ecclesiastes, Song of Solomon.
260 ## - PUBLICATION, DISTRIBUTION, ETC. (IMPRINT)
Place of publication, distribution, etc Grand Rapids, MI
Name of publisher, distributor, etc WM. B. Eerdmans Publishing Company
Date of publication, distribution, etc 1950
300 ## - PHYSICAL DESCRIPTION
Extent v. (1-23)
Dimensions 24 cm.
650 ## - SUBJECT ADDED ENTRY--TOPICAL TERM
Topical term or geographic name as entry element Bible
General subdivision Commentaries.
9 (RLIN) 1662
942 ## - ADDED ENTRY ELEMENTS (KOHA)
Source of classification or shelving scheme
Koha item type Books
Copies
Date acquired Lost status Koha item type Full call number Damaged status Permanent Location Copy number Shelving location Not for loan Price effective from Date last seen Current Location Barcode Source of classification or shelving scheme Withdrawn status
2011-10-27 BooksBS 491 .S77 Vol. 9 RHEMA Bible Training College1General Stacks 2011-10-272011-10-27RHEMA Bible Training College22271